000
00239nam a22001217a 4500
999
_c
163734
_d
163734
020
_a
082
_a
_b
245
_a
Laghu paniniyam/
_c
by Rajarajavarma A R.
260
_a
_b
_c
1990.
300
_a
550p.
650
_a
942
_c
BK